000 00734cam a22002291 4500
999 _c127093
_d127093
001 1697720
003 ARRUPE
005 20171011123135.0
008 740625m19669999nyu b 000 0 eng
010 _a 66027279
040 _aDLC
_cDLC
_dDLC
050 1 0 _aPN524
082 0 0 _a809
100 1 _aNeuville, H. Richmond.
_937024
245 1 0 _aEuropean literature,
_cH. Richmond Neuville, Jr.
260 _aNew York,
_bMonarch Press
_c1966
300 _a379p. ;
_c22 cm.
490 0 _aMonarch notes and study guides, 830-0
504 _aBibliography: v. 1, p. 360-379.
505 1 _apt. 1. Medieval to neoclassic.
650 0 _aLiterature
_xOutlines
_937025
906 _a7
_bcbc
_corignew
_du
_eocip
_f19
_gy-gencatlg
942 _2lcc
_cMONOGRAPH